English Pronunciation For Speakers Of Spanish. From Theory to Practice.

Guardado en:
Detalles Bibliográficos
Autores principales: Gómez González, María de los Ángeles (Autor), Sánchez Roura, Teresa (Autor)
Formato: Desconocido
Lenguaje:inglés
Publicado: Boston, USA: De Gruyter Mouton , 2016
Colección:Textbook
Materias:
Etiquetas: Agregar Etiqueta
Sin Etiquetas, Sea el primero en etiquetar este registro!

MARC

LEADER 00000 a2200000 4500
003 CL-VaPUC
005 20250312142218.0
008 220120b2016 ||||| |||| 00| 0 eng d
999 |c 433980  |d 433978 
020 |a 978-1501510960 
040 |c Pontificia Universidad Católica de Valparaíso 
082 |a 428.34 GOM 2016 
100 |a Gómez González, María de los Ángeles   |9 864184  |e author 
245 |a English Pronunciation For Speakers Of Spanish.  |b From Theory to Practice. 
260 |a Boston, USA:   |b De Gruyter Mouton ,   |c 2016 
300 |a 406 páginas  
490 |a Textbook 
583 |k Cristina María Rojas Aguilar  |c 20220120 
650 0 |a Lengua inglesa  |x Pronunciación por hablantes extranjeros  |9 318842 
700 |a Sánchez Roura, Teresa  |e author  |9 865922 
942 |2 ddc  |c BK 
952 |0 0  |1 0  |2 ddc  |4 0  |6 428_340000000000000_GOM_2016  |7 0  |8 A  |9 580381  |a BIBEDU  |b BIBEDU  |c GEN  |d 2022-01-11  |e 3  |g 32864.00  |i 5636256  |o 428.34 GOM 2016  |p 5636256  |r 2022-01-11  |t 2  |v 32864.00  |w 2022-01-11  |y BK  |k LIT 
952 |0 0  |1 0  |2 ddc  |4 0  |6 428_340000000000000_GOM_2016  |7 0  |8 A  |9 580382  |a BIBEDU  |b BIBEDU  |c GEN  |d 2022-01-11  |e 3  |g 32864.00  |i 5636248  |o 428.34 GOM 2016  |p 5636248  |r 2022-01-11  |t 1  |v 32864.00  |w 2022-01-11  |y BK  |k LIT